000 01230nam a2200325 a 4500
001 000037888
003 DO-SdBNP
005 20220204081153.0
007 000037888
008 130308s2012 dr 001 0 spa d
020 _a9789945074628 (v.1)
020 _a9789945074741 (v.3)
020 _a9789945074659 (v.3 part.6)
020 _a9789945074758 (v.5)
040 _aBPMSU
_bspa
_cBPMSU
082 _a972.93053
_bD554t 2012
_222
245 0 3 _aLa dictadura de Trujillo :
_bdocumentos /
_ceditor Eliades Acosta Matos.
260 _aSanto Domingo :
_bArchivo General de la Nación,
_c2012.
300 _a v. ;
_c28 cm.
490 0 _aArchivo General de la Nación
_v123/130
500 _aIncluye referencias bibliográficas y notas al pie de las páginas
505 0 _av.1 :
_t1930-1939 --
_gv.3 :
_t1940-1949 --
_gv.4.
_t1940-1949 --
_gv.5.
_t1950-1961 --
_gv.6.1950-1961
590 _6Inventariado, 2021/VM
600 1 4 _aTrurjillo Molina, Rafael Leónidad
_d1891-1961
651 4 _aRepública Dominicana
_xPolítica y gobierno
_y1930-1961
651 4 _aRepública Dominicana
_xHistoria
_yEra de Trujilloj, 930-1961
710 _aArchivo General de la Nación (República Dominicana )
910 _aVMateo V
942 _2ddc
_cBK
999 _c8085
_d8085